000 01518pam a2200349 a 4500
001 2862
005 20240118141014.0
020 _a0590998226
040 _aDLC
_cDLC
_dDLC
_beng
050 0 0 _aHQ1413.S67
_b1995
082 0 0 _a324.623092
100 1 _aFritz, Jean
245 1 0 _aYou want women to vote, Lizzie Stanton? /
_cJean Fritz ; illustrated by DyAnne DiSalvo-Ryan.
250 _aFirst Scholastic printing , October 1996
260 _aNew York :
_bScholastic ,
_c1995
300 _a88 pages :
_billustrations ;
_c20 cm .
490 _a Unforgettable Americans
505 _aW
520 _aWith her trademark humor and anecdotal style, the Newbery Honor Award-winner and preeminent biographer for young people turns her attention to Elizabeth Cady Stanton, the lively, unconventional spokeswoman of the woman suffrage movement. Convinced from an early age that women should have the same rights as men, Lizzie embarked on a career that changed America.
521 _a870
_bLexile
521 _aW
_bRaz-Plus
650 0 _aFeminists
_zUnited States
_xBiography
_xJuvenile literature.
650 0 _aSuffragists
_zUnited States
_xBiography
_xJuvenile literature.
650 0 _aWomen
_xSuffrage
_zUnited States
_xHistory
_xJuvenile literature.
650 1 _aSuffragists.
650 1 _aWomen's rights.
650 1 _aWomen
_xSuffrage.
650 1 _aWomen
_xBiography.
700 2 _aDiSalvo-Ryan, DyAnne,
_eillustrator
906 _a7
_bcbc
_corignew
_d1
_eocip
_f19
_gy-gencatlg
942 _2ddc
_cBK
_n0
999 _c2862
_d2862